000 00313nam a2200145Ia 4500
100 _aDesphande/Subhash
650 _aGeneral
942 _cRB
654 _aManasa Udyogatley
245 _aManasa Udyogatley
260 _bShree Vidya Prakashan
_aPune
_c1991
300 _a132
546 _aMARATHI
999 _c23303
_d23303